Định hướng thị hiếu thẩm mỹ của học viên các trường quân đội /

保存先:
書誌詳細
第一著者: Phạm Văn Hậu.
フォーマット: 論文
言語:Vietnamese
主題:
タグ: タグ追加
タグなし, このレコードへの初めてのタグを付けませんか!
Thư viện lưu trữ: Thư viện Trường Đại học Đà Lạt
LEADER 00764nam a2200253 4500
001 DLU180186823
005 ##20180906
040 # # |a DLU  |b vie 
041 # # |a vie 
044 # # |a vn 
100 # # |a Phạm Văn Hậu. 
245 # # |a Định hướng thị hiếu thẩm mỹ của học viên các trường quân đội /  |c Phạm Văn Hậu. 
653 # # |a Học viên 
653 # # |a Quân đội 
653 # # |a Thị hiếu thẩm mỹ 
773 # # |t Văn hoá Nghệ thuật  |g Số 398, 2017, tr. 120-123 
920 # # |a Phòng Tạp chí -- Trung tâm Thông tin - Thư viện Trường Đại học Đà Lạt 
900 # # |a True 
911 # # |a Hoàng Thị Huyền 
925 # # |a G 
926 # # |a A 
927 # # |a BB 
980 # # |a Thư viện Trường Đại học Đà Lạt